Normal view
MARC view
- Marriam Waseem
Entry Personal Name
001 - CONTROL NUMBER
- control field: 34885
003 - CONTROL NUMBER IDENTIFIER
- control field: NUST
005 - DATE AND TIME OF LATEST TRANSACTION
- control field: 20201104181443.0
008 - FIXED-LENGTH DATA ELEMENTS
- fixed length control field: 201104|| aca||aabn | a|a d
040 ## - CATALOGING SOURCE
- Original cataloging agency: NUST
- Transcribing agency: NUST
100 ## - HEADING--PERSONAL NAME
- Personal name: Marriam Waseem
670 ## - SOURCE DATA FOUND
- Source citation: Work cat.: (NUST): Marriam Waseem., Comparative analysis of 3G and 4G technologies and their deployment in pakistan., 2014.
